| 000 | 00485nam a2200169Ia 4500 | ||
|---|---|---|---|
| 999 |
_c12237 _d12237 |
||
| 003 | OSt | ||
| 005 | 20201023130814.0 | ||
| 008 | 190216s9999||||xx |||||||||||||| ||und|| | ||
| 040 | _coclc | ||
| 082 |
_a823.5 _bSWI/T |
||
| 100 |
_aSwift, Jonathan _94910 |
||
| 245 | 2 |
_aA Tale Of A Tub / _cJonathan Swift |
|
| 260 |
_bEveryman's Reference Library , _c1978. _aNew York: |
||
| 300 | _a325p | ||
| 650 | _aBiography | ||
| 942 |
_cBK _2ddc _h823.5 _iSWI/T _k823.5 _mSWI/T |
||